| 000 | 01389cam a2200337 a 4500 | ||
|---|---|---|---|
| 001 | 3015658 | ||
| 003 | OSt | ||
| 005 | 20191227111013.0 | ||
| 008 | 940725m19949999ii b 001 0 eng | ||
| 010 | _a 94031777 | ||
| 020 | _a0803991851 | ||
| 020 | _a080399186X (v. 1 : US : pb) | ||
| 020 | _a8170364132 (v. 1 : India : hb) | ||
| 020 | _a8170364140 (v. 1 : India : pb) | ||
| 040 |
_aDLC _cDLC _dDLC |
||
| 043 | _aa-ii--- | ||
| 050 | 0 | 0 |
_aHC435.2 _b.D2927 1994 |
| 082 | 0 | 0 |
_a330.95404 _220 _bDAN/I |
| 100 | 1 |
_aDandekar, Vinayak Mahadev, _d1920- _9824 |
|
| 245 | 1 | 4 |
_aThe Indian economy, 1947-92 / _cV.M. Dandekar. |
| 260 |
_aNew Delhi ; _aThousand Oaks, Calif. : _bSage Publications, _c1994-<1996 > |
||
| 300 |
_av. <1-2 > ; _c23 cm. |
||
| 504 | _aIncludes bibliographical references and index. | ||
| 505 | 1 | _av. 1. Agriculture -- v. 2. Population, poverty, and employment. | |
| 651 | 0 |
_aIndia _xEconomic conditions _y1947- |
|
| 856 | 4 | 1 |
_3Table of contents only _uhttp://www.loc.gov/catdir/enhancements/fy0657/94031777-t.html |
| 856 | 4 | 2 |
_3Publisher description _uhttp://www.loc.gov/catdir/enhancements/fy0660/94031777-d.html |
| 906 |
_a7 _bcbc _corignew _d1 _eocip _f19 _gy-gencatlg |
||
| 942 |
_2ddc _cBK _h330.95404 _iDAN/I _k330.95404 _mDAN/I |
||
| 999 |
_c9966 _d9966 |
||